000 00391nam a2200145Ia 4500
008 220217s9999||||xx |||||||||||||| ||und||
020 _a978074945676
082 _a426 BAR
100 _aBarker, Alan
245 0 _aImprove Your Communication Skill
250 _a2 Revised
260 _aKogan Page
_bNew delhi
_c2010
300 _avii;200
_b195
650 _aENGLISH GENERAL BOOKS
_9691
999 _c183038
_d183038